[Event "Lichtenberger Sommer 2024"]
[Site "Berlin"]
[Date "2024.08.12"]
[Round "3.23"]
[White "Federau, Jürgen"]
[Black "Thümler, Floris"]
[Result "1-0"]
[WhiteElo "2064"]
[BlackElo "1874"]
[PlyCount "57"]
[EventDate "2024.08.10"]

1. d4 d5 2. c4 e6 3. Nf3 c6 4. e3 Nf6 5. Nbd2 Nbd7 6. Bd3 dxc4 7. Nxc4 b5 8.
Nce5 Bb7 9. O-O a6 10. a4 b4 11. Nxf7 Kxf7 12. Ng5+ Ke7 13. Qb3 Nd5 14. e4 c5
15. exd5 Bxd5 16. Bc4 Nb6 17. Bxd5 Qxd5 18. Qxd5 Nxd5 19. dxc5 Kd7 20. Re1 Re8
21. Nf7 Rg8 22. Ne5+ Kc7 23. Nd3 a5 24. Be3 g6 25. Bd4 Bg7 26. Bxg7 Rxg7 27.
Rac1 Nf6 28. c6 Rd8 29. Nc5 1-0

[Event "Lichtenberger Sommer 2024"]
[Site "Berlin"]
[Date "2024.08.12"]
[Round "3.24"]
[White "Matitschka, Heinz"]
[Black "Verbitsky, Jaroslaw"]
[Result "0-1"]
[WhiteElo "1892"]
[BlackElo "2049"]
[PlyCount "104"]
[EventDate "2024.08.10"]
[WhiteTeam "TSG Oberschöneweide e.V."]
[BlackTeam "SV Mattnetz Berlin e.V."]

1. d4 Nf6 2. c4 e6 3. Nc3 Bb4 4. Qc2 O-O 5. Nf3 c5 6. dxc5 Na6 7. g3 Nxc5 8.
Bg2 Nce4 9. O-O Nxc3 10. bxc3 Be7 11. Rb1 Qc7 12. Rd1 Qxc4 13. Bf4 Nd5 14. Rxd5
exd5 15. Ne5 Qc5 16. Qd2 d6 17. Nd3 Qc7 18. Nb4 Be6 19. Nxd5 Bxd5 20. Bxd5 Rab8
21. c4 Rfd8 22. Rb3 Bf6 23. g4 Qd7 24. h3 g6 25. Bg3 Be5 26. f4 Bf6 27. g5 Bg7
28. f5 Qxf5 29. Rf3 Qxh3 30. Qf4 Kh8 31. Bxf7 Qd7 32. Qe4 Rf8 33. Qd5 Rbd8 34.
Bf2 b6 35. Rf4 Qe7 36. Bd4 Be5 37. Rf6 Kg7 38. Be6 Bxd4+ 39. Qxd4 Rxf6 40.
gxf6+ Qxf6 41. Qd5 Rf8 42. Qb7+ Kh8 43. Bh3 Qf2+ 44. Kh1 Qe1+ 45. Kh2 Qxe2+ 46.
Bg2 Qe5+ 47. Kh1 Qe1+ 48. Kh2 Qh4+ 49. Kg1 Re8 50. Qf3 Re1+ 51. Bf1 Qd4+ 52.
Kh1 Qe4 0-1

[Event "Lichtenberger Sommer 2024"]
[Site "Berlin"]
[Date "2024.08.12"]
[Round "3.25"]
[White "Groot, Patrick"]
[Black "Langer, Niklas"]
[Result "1-0"]
[WhiteElo "2008"]
[BlackElo "1753"]
[PlyCount "137"]
[EventDate "2024.08.10"]
[WhiteTeam "SF Berlin 1903 e.V."]
[BlackTeam "SC Eintracht Berlin e.V."]

1. e4 Nf6 2. e5 Nd5 3. d4 d6 4. c4 Nb6 5. exd6 exd6 6. Nf3 Bg4 7. Nc3 Be7 8.
Be2 O-O 9. O-O Nc6 10. b3 Bf6 11. Be3 Re8 12. Qd2 d5 13. c5 Nc8 14. b4 a6 15.
h3 Bf5 16. Bd3 Be4 17. Ne2 N8e7 18. Ne1 Nf5 19. Bxe4 dxe4 20. Rd1 Qd5 21. Nf4
Qc4 22. d5 Nxb4 23. Rc1 Qb5 24. Rb1 Nxe3 25. fxe3 Qxc5 26. Qxb4 Qxe3+ 27. Kh1
Be5 28. Rb3 Qc1 29. Ne2 Qg5 30. Qc5 Bd6 31. Qd4 b6 32. g3 Be5 33. Qf2 Qh5 34.
Kg2 Bd6 35. Nf4 Bxf4 36. Qxf4 Qxd5 37. Rb2 e3+ 38. Qf3 Qd4 39. Qxf7+ Kh8 40.
Re2 c5 41. Nc2 Qd3 42. Qf3 h6 43. Rfe1 Rf8 44. Qxe3 Qd5+ 45. Qe4 Qxa2 46. Nd4
Qc4 47. Ne6 Qxe4+ 48. Rxe4 Rf7 49. Rb1 Rf6 50. Rxb6 Re8 51. Nxc5 Rxe4 52. Rxf6
Re8 53. Rxa6 Rf8 54. Ra7 Rg8 55. Ne6 Kh7 56. Kf3 Kg6 57. h4 Kf6 58. Ra6 Ke5 59.
Nf4 g5 60. Nd3+ Kd4 61. Rd6+ Kc3 62. h5 Rh8 63. Ne5 Rf8+ 64. Kg4 Re8 65. Nf7
Re4+ 66. Kf5 Re3 67. g4 Kc4 68. Nxh6 Kc5 69. Rd1 1-0

[Event "Lichtenberger Sommer 2024"]
[Site "Berlin"]
[Date "2024.08.12"]
[Round "3.26"]
[White "Krefenstein, Sergej"]
[Black "Schmidt, Reinhard"]
[Result "1-0"]
[WhiteElo "2004"]
[BlackElo "1574"]
[PlyCount "51"]
[EventDate "2024.08.10"]
[WhiteTeam "TuS Makkabi Berlin e.V."]
[BlackTeam "vereinslos"]

1. e4 e5 2. Nf3 Nf6 3. Nxe5 d6 4. Nf3 Nxe4 5. Nc3 Nxc3 6. dxc3 Nc6 7. Be3 Bg4
8. h3 Bh5 9. Qd2 Be7 10. O-O-O Ne5 11. Be2 Nxf3 12. Qd5 g6 13. g4 Ne5 14. Qxb7
Bxg4 15. hxg4 Bg5 16. f4 Rb8 17. Qe4 Bxf4 18. Bxf4 f6 19. g5 O-O 20. gxf6 Re8
21. Bc4+ Nf7 22. Bxf7+ Kxf7 23. Rxh7+ Kxf6 24. Bg5+ Kxg5 25. Rg1+ Kf6 26. Rxg6#
1-0

[Event "Lichtenberger Sommer 2024"]
[Site "Berlin"]
[Date "2024.08.12"]
[Round "3.27"]
[White "Semahin, Volodymyr"]
[Black "Hoffmann, Kay"]
[Result "0-1"]
[WhiteElo "1715"]
[BlackElo "2001"]
[PlyCount "86"]
[EventDate "2024.08.10"]
[BlackTeam "Barnimer SF im SV Sta"]

1. c4 e6 2. Nc3 d5 3. d4 Nf6 4. Nf3 c6 5. e3 Bd6 6. Bd3 O-O 7. O-O Nbd7 8. e4
dxe4 9. Nxe4 Nxe4 10. Bxe4 h6 11. Bd2 e5 12. dxe5 Nxe5 13. Nxe5 Bxe5 14. Qc2
Qf6 15. Rae1 Be6 16. b4 Rad8 17. Be3 Bc3 18. Rb1 Bd4 19. Bxd4 Rxd4 20. Bd3 Rfd8
21. Rbd1 Qf4 22. g3 Qd6 23. c5 Qd5 24. Bh7+ Kh8 25. Rxd4 Qxd4 26. Be4 Bxa2 27.
Bxc6 Bc4 28. Bxb7 Bxf1 29. Kxf1 Qxb4 30. c6 Qb5+ 31. Kg1 Re8 32. Qd1 Qc5 33.
Qd7 Re1+ 34. Kg2 Re7 35. Qd8+ Kh7 36. Qd3+ g6 37. Qf3 Kg7 38. h4 h5 39. g4 hxg4
40. Qxg4 Qd5+ 41. f3 Re2+ 42. Kh3 Qe5 43. c7 Rh2# 0-1

[Event "Lichtenberger Sommer 2024"]
[Site "Berlin"]
[Date "2024.08.12"]
[Round "3.28"]
[White "Lorenz, Veronika"]
[Black "Bornschein, Burkhard"]
[Result "1-0"]
[WhiteElo "1884"]
[BlackElo "1996"]
[PlyCount "61"]
[EventDate "2024.08.10"]
[WhiteTeam "TSG Oberschöneweide e.V."]
[BlackTeam "BSC Rehberge 1945 e.V."]

1. e4 c5 2. Nf3 Nc6 3. d4 cxd4 4. Nxd4 Nf6 5. Nc3 e5 6. Ndb5 d6 7. Nd5 Nxd5 8.
exd5 Nb8 9. a4 Be7 10. Be2 O-O 11. O-O f5 12. f4 a6 13. Na3 Nd7 14. Be3 b6 15.
Nc4 e4 16. Qd2 Rb8 17. Rfd1 Rf7 18. Ra3 Qf8 19. Rb3 Bd8 20. Bd4 Bc7 21. Qe3 Nc5
22. Bxc5 bxc5 23. Rxb8 Bxb8 24. Na5 Bc7 25. Nc6 Bb7 26. Bc4 Qa8 27. Kh1 Kf8 28.
Qh3 h6 29. Ne5 dxe5 30. d6 Bxd6 31. Bxf7 1-0

[Event "Lichtenberger Sommer 2024"]
[Site "Berlin"]
[Date "2024.08.12"]
[Round "3.29"]
[White "Pröschild, Matthias"]
[Black "Hommel, Niclas"]
[Result "1/2-1/2"]
[WhiteElo "1867"]
[BlackElo "2111"]
[PlyCount "55"]
[EventDate "2024.08.10"]
[WhiteTeam "BSV 63 Chemie Weißensee"]
[BlackTeam "TSG Oberschöneweide e.V."]

1. g3 c5 2. Nf3 g6 3. Bg2 Bg7 4. d4 cxd4 5. Nxd4 Nc6 6. c3 Qb6 7. Nb3 Nf6 8.
Be3 Qc7 9. Na3 O-O 10. Nb5 Qb8 11. O-O a6 12. N5d4 d5 13. Rc1 e5 14. Nxc6 bxc6
15. Bc5 Re8 16. c4 Be6 17. Ba3 Qb6 18. Nc5 Rad8 19. Qb3 Qa7 20. Qb7 Qxb7 21.
Nxb7 Rb8 22. Nc5 Bc8 23. Rfd1 e4 24. cxd5 cxd5 25. e3 Ng4 26. Rxd5 Bxb2 27.
Bxb2 Rxb2 28. Nxe4 1/2-1/2

[Event "Lichtenberger Sommer 2024"]
[Site "Berlin"]
[Date "2024.08.12"]
[Round "3.30"]
[White "Möller, Jared William"]
[Black "Liu, Jonas"]
[Result "0-1"]
[WhiteElo "1991"]
[BlackElo "1870"]
[PlyCount "120"]
[EventDate "2024.08.10"]
[WhiteTeam "SV Glück auf Rüdersdorf e.V."]
[BlackTeam "SV Königsjäger Süd-West e.V."]

1. e4 c5 2. Nf3 a6 3. c4 Nc6 4. d4 cxd4 5. Nxd4 e6 6. Nc2 Nf6 7. Nc3 Qc7 8. Be2
b6 9. O-O Bb7 10. f4 Rd8 11. e5 Ng8 12. Bf3 d6 13. Qe2 dxe5 14. fxe5 Bc5+ 15.
Kh1 Nge7 16. Bg5 h6 17. Bh5 g6 18. Bf6 Rh7 19. Bf3 Rd7 20. Ne4 Nf5 21. Bh4 Nxh4
22. Nf6+ Ke7 23. Nxh7 Qxe5 24. Qxe5 Nxe5 25. Bxb7 Rxb7 26. Nf6 Nd3 27. Ne4 Rd7
28. Nxc5 Nxc5 29. Rad1 Nd3 30. Kg1 g5 31. Ne1 Ne5 32. Rxd7+ Kxd7 33. g3 Nf5 34.
b3 Nd4 35. Kg2 f5 36. Nd3 Nxd3 37. Rd1 Kc6 38. Rxd3 Kc5 39. Kf2 e5 40. Ke3 Nc2+
41. Kd2 Nd4 42. Re3 e4 43. Kc3 Nf3 44. h3 h5 45. Re2 Kc6 46. Rf2 h4 47. gxh4
Nxh4 48. Rd2 Nf3 49. Rd8 f4 50. Re8 e3 51. Kd3 Ng1 52. Rh8 Kd6 53. Rh6+ Ke5 54.
Rxb6 e2 55. Kd2 f3 56. Ke1 Nxh3 57. Rb8 Nf4 58. Re8+ Kd6 59. Kf2 g4 60. Kg3 Nd3
0-1

[Event "Lichtenberger Sommer 2024"]
[Site "Berlin"]
[Date "2024.08.12"]
[Round "3.31"]
[White "Skowronski, Peter"]
[Black "Scholz, Alexander"]
[Result "0-1"]
[WhiteElo "1863"]
[BlackElo "1977"]
[PlyCount "45"]
[EventDate "2024.08.10"]
[WhiteTeam "vereinslos"]
[BlackTeam "Sfr.Heidesheim"]

1. d4 Nf6 2. Bf4 g6 3. c3 Bg7 4. Nd2 c5 5. Ngf3 O-O 6. e3 b6 7. Be2 d6 8. h3
Nfd7 9. Bg5 Re8 10. Qb3 Qc7 11. Bc4 e6 12. Bf4 Nc6 13. Bb5 Na5 14. Qd1 a6 15.
Bxd7 Qxd7 16. b4 cxb4 17. cxb4 e5 18. dxe5 dxe5 19. Bg3 e4 20. Ne5 Bxe5 21.
Nxe4 Bxa1 22. Qxa1 Rxe4 23. bxa5 0-1

[Event "Lichtenberger Sommer 2024"]
[Site "Berlin"]
[Date "2024.08.12"]
[Round "3.32"]
[White "Schäfer, Heiko"]
[Black "Kretzschmar, Jan"]
[Result "1/2-1/2"]
[WhiteElo "1962"]
[BlackElo "1869"]
[PlyCount "140"]
[EventDate "2024.08.10"]
[WhiteTeam "Potsdamer SV Mitte e.V."]
[BlackTeam "SC Kreuzberg e.V."]

1. c4 Nf6 2. Nc3 e5 3. g3 Nc6 4. Bg2 g6 5. e4 Bg7 6. Nge2 O-O 7. O-O d6 8. d3
h6 9. h3 Be6 10. Nd5 Kh7 11. f4 Ng8 12. f5 Bxd5 13. cxd5 Nd4 14. Bd2 Nxe2+ 15.
Qxe2 Rc8 16. h4 c6 17. Bh3 Ra8 18. fxg6+ fxg6 19. Rxf8 Qxf8 20. Rf1 Qe7 21. Be6
Rf8 22. Rxf8 Qxf8 23. dxc6 bxc6 24. Qf2 Qe7 25. Qf7 Qxf7 26. Bxf7 Nf6 27. Be3
c5 28. Bd2 Bf8 29. Ba5 Be7 30. Bc7 Kg7 31. Bc4 Ne8 32. Bb8 a5 33. Bb5 Kf7 34.
a4 h5 35. Bxe8+ Kxe8 36. Bc7 Kd7 37. Bxa5 Kc6 38. Bc3 Bd8 39. Kf2 Bc7 40. Kf3
Kb7 41. Ke2 Ka6 42. Kd1 Bd8 43. Bd2 Kb7 44. Kc2 Kc6 45. Kb3 Kb7 46. Kc4 Kc6 47.
b4 cxb4 48. Kxb4 Bb6 49. Be1 Be3 50. Kc4 Bd4 51. Kb3 Be3 52. Kc2 Kb6 53. Kd1
Ka6 54. Ke2 Bd4 55. Kf3 Bc5 56. g4 Bd4 57. gxh5 gxh5 58. Ke2 Bc5 59. Kd1 Kb6
60. Kc2 Kc6 61. Ba5 Bf2 62. Bd8 Kd7 63. Bg5 Kc6 64. Kb3 Kc5 65. Bd8 Kc6 66. Kc4
Kd7 67. Bf6 Kc6 68. a5 Be1 69. a6 Bf2 70. Bg5 Bd4 1/2-1/2

[Event "Lichtenberger Sommer 2024"]
[Site "Berlin"]
[Date "2024.08.12"]
[Round "3.33"]
[White "Lange, Malina"]
[Black "Costello, Colin"]
[Result "0-1"]
[WhiteElo "1859"]
[BlackElo "1956"]
[PlyCount "53"]
[EventDate "2024.08.10"]

1. c4 e6 2. Nf3 d5 3. e3 Nf6 4. Nc3 Be7 5. b3 O-O 6. Bb2 c5 7. cxd5 exd5 8. d4
Bg4 9. dxc5 Bxc5 10. Be2 Nc6 11. O-O Re8 12. Rc1 Be7 13. Nb5 Rc8 14. Nbd4 Ne4
15. Nd2 Bxe2 16. Qxe2 Bf6 17. Nxe4 Rxe4 18. Nxc6 bxc6 19. Bxf6 Qxf6 20. Qa6 Rc7
21. Qa5 Ree7 22. Rc2 d4 23. exd4 Qxd4 24. Rd2 Qe4 25. Rd8+ Re8 26. Rxe8+ Qxe8
27. Qxc7 0-1

[Event "Lichtenberger Sommer 2024"]
[Site "Berlin"]
[Date "2024.08.12"]
[Round "3.34"]
[White "Simcaks, Sergejs"]
[Black "Kuban, Andreas"]
[Result "0-1"]
[WhiteElo "1955"]
[BlackElo "1866"]
[PlyCount "78"]
[EventDate "2024.08.10"]
[WhiteTeam "SSC Graal-Müritz"]
[BlackTeam "SSV Rotation Berlin e.V."]

1. e4 d5 2. exd5 Nf6 3. Nc3 Nxd5 4. Bc4 c6 5. d4 Bf5 6. Qf3 e6 7. Bb3 Nb4 8.
Qe2 Qxd4 9. Be3 Qd8 10. g4 Bg6 11. Nf3 Be7 12. h4 h5 13. Ne5 Bh7 14. Rd1 Qa5
15. Nxf7 Kxf7 16. Bb6 Nxc2+ 17. Kf1 Qa6 18. Bc4 Qxc4 19. Qxc4 axb6 20. Qf4+ Ke8
21. Qc7 Rf8 22. Kg2 Kf7 23. Qxb7 Ra5 24. Qxb6 Re5 25. Rd2 hxg4 26. a4 Kg8 27.
Qc7 Bf6 28. a5 Na6 29. Qxc6 Nc5 30. Rc1 Nb4 31. Qb6 Nbd3 32. Ra1 Bxh4 33. b4
Nb3 34. Raa2 Ne1+ 35. Kh1 Nxd2 36. Rxd2 g3 37. f4 g2+ 38. Kh2 Nf3+ 39. Kh3 Bf5+
0-1

[Event "Lichtenberger Sommer 2024"]
[Site "Berlin"]
[Date "2024.08.12"]
[Round "3.35"]
[White "Bruening, Wolfgang"]
[Black "Alten, Silvio"]
[Result "0-1"]
[WhiteElo "1840"]
[BlackElo "1948"]
[PlyCount "82"]
[EventDate "2024.08.10"]
[WhiteTeam "vereinslos"]
[BlackTeam "SV Mattnetz Berlin e.V."]

1. c4 e6 2. Nf3 d5 3. d4 Nf6 4. g3 dxc4 5. Qa4+ Bd7 6. Qxc4 b5 7. Qc2 Na6 8. a3
c5 9. Bg2 Rc8 10. Qd1 Bc6 11. O-O Be7 12. dxc5 Nxc5 13. Qxd8+ Bxd8 14. Nbd2 O-O
15. b4 Na4 16. Nb3 Bb6 17. Nfd4 Bxg2 18. Kxg2 Rfd8 19. e3 e5 20. Nf3 Rd5 21.
Nbd2 e4 22. Nd4 Bxd4 23. exd4 Rxd4 24. Nb3 Rd3 25. Na5 Nd5 26. Re1 f5 27. Nb7
Rc6 28. g4 g6 29. Bh6 Nf6 30. gxf5 gxf5 31. Be3 a6 32. Rac1 Rcc3 33. Rxc3 Nxc3
34. Nc5 Rd6 35. Bf4 Rc6 36. Kh3 Ncd5 37. Rg1+ Ng4 38. Bc1 Rg6 39. Rg2 h5 40.
Kh4 Kf7 41. Nxa6 Rxa6 0-1

[Event "Lichtenberger Sommer 2024"]
[Site "Berlin"]
[Date "2024.08.12"]
[Round "3.36"]
[White "Andersen, Guttorm"]
[Black "Idaczek, Günter"]
[Result "0-1"]
[WhiteElo "1835"]
[BlackElo "1948"]
[PlyCount "80"]
[EventDate "2024.08.10"]
[BlackTeam "SG NARVA Berlin e.V."]

1. d4 d6 2. c4 e5 3. Nc3 Nd7 4. Nf3 c6 5. e4 Be7 6. Be3 Ngf6 7. Be2 O-O 8. O-O
Ng4 9. Bd2 a5 10. d5 c5 11. h3 Ngf6 12. Ne1 Ne8 13. f4 exf4 14. Bxf4 Bg5 15.
Nd3 Bxf4 16. Rxf4 Qe7 17. Qd2 a4 18. Qe3 Nb6 19. Nf2 f5 20. Nh1 g5 21. Rff1 f4
22. Qf3 Nf6 23. g4 Bd7 24. Nf2 Be8 25. Bd3 Nbd7 26. b3 Ne5 27. Qd1 axb3 28.
Qxb3 Nf3+ 29. Kg2 Nh4+ 30. Kh1 f3 31. Rfb1 Qe5 32. Rg1 Bd7 33. Rae1 Ng2 34.
Rxg2 fxg2+ 35. Kxg2 h5 36. gxh5 Nxh5 37. Ne2 Nf4+ 38. Nxf4 Qxf4 39. Re2 Qf3+
40. Kg1 Qg3+ 0-1

[Event "Lichtenberger Sommer 2024"]
[Site "Berlin"]
[Date "2024.08.12"]
[Round "3.37"]
[White "Shevlyakov, Aleksandr"]
[Black "Scheide, Helmut"]
[Result "1-0"]
[WhiteElo "1824"]
[BlackElo "1946"]
[PlyCount "55"]
[EventDate "2024.08.10"]
[BlackTeam "USV Potsdam e.V., Abt. Schach"]

1. d4 Nf6 2. c4 e6 3. g3 d5 4. Bg2 c6 5. Nf3 Nbd7 6. Nbd2 Qc7 7. O-O Be7 8. Qc2
O-O 9. e4 dxe4 10. Nxe4 Nxe4 11. Qxe4 Nf6 12. Qe2 c5 13. Bf4 Bd6 14. Bxd6 Qxd6
15. Rfd1 Rb8 16. dxc5 Qxc5 17. Ne5 b5 18. Nc6 Rb6 19. cxb5 Qxb5 20. Qxb5 Rxb5
21. Nxa7 Rxb2 22. Nxc8 Rxc8 23. a4 Kf8 24. a5 Rcc2 25. a6 Rxf2 26. Bh1 Nd5 27.
Rxd5 exd5 28. a7 1-0

[Event "Lichtenberger Sommer 2024"]
[Site "Berlin"]
[Date "2024.08.12"]
[Round "3.38"]
[White "Reiche, Henry"]
[Black "Eis, Cedric"]
[Result "0-1"]
[WhiteElo "1945"]
[BlackElo "1860"]
[PlyCount "106"]
[EventDate "2024.08.10"]
[WhiteTeam "SG Weißensee 49 e.V."]
[BlackTeam "SF Berlin 1903 e.V."]

1. e4 c5 2. Nf3 d6 3. Bc4 Nc6 4. O-O Nf6 5. d3 g6 6. c3 Bg7 7. h3 O-O 8. Be3 h6
9. Nbd2 a6 10. a4 Bd7 11. Bb3 b5 12. Re1 Qc7 13. Nf1 b4 14. cxb4 Nxb4 15. Qd2
Kh7 16. Rec1 Qb7 17. e5 Nfd5 18. Bd1 Rac8 19. b3 Nxe3 20. Nxe3 dxe5 21. Rab1
Rfd8 22. Qe2 e4 23. dxe4 Qxe4 24. Qc4 Qxc4 25. Rxc4 Be6 26. Rcc1 Na2 27. Rc2
Nc3 28. Rxc3 Bxc3 29. Be2 a5 30. Bc4 Bxc4 31. Nxc4 f6 32. Kf1 Rc7 33. Rc1 Bb4
34. Ke2 Rb7 35. Rc2 Kg7 36. Rc1 Kf7 37. Rc2 e5 38. Nh2 Rbd7 39. Nf1 Rd3 40. Rb2
Ke6 41. Nfe3 f5 42. g3 g5 43. Ng2 f4 44. gxf4 exf4 45. f3 h5 46. h4 Kf5 47.
hxg5 Kxg5 48. Rb1 h4 49. Rg1 Rd2+ 50. Nxd2 Rxd2+ 51. Kf1 Rd1+ 52. Kf2 Rxg1 53.
Kxg1 h3 0-1

[Event "Lichtenberger Sommer 2024"]
[Site "Berlin"]
[Date "2024.08.12"]
[Round "3.39"]
[White "Nguyen, Phuc Nhat"]
[Black "Özates, Mert"]
[Result "1-0"]
[WhiteElo "1943"]
[BlackElo "1854"]
[PlyCount "69"]
[EventDate "2024.08.10"]
[WhiteTeam "TSG Oberschöneweide e.V."]
[BlackTeam "SG NARVA Berlin e.V."]

1. e4 e6 2. d4 d5 3. e5 b6 4. f4 Nh6 5. Bd3 Ba6 6. Nf3 Bxd3 7. Qxd3 c5 8. dxc5
Bxc5 9. Be3 Bxe3 10. Qxe3 Nc6 11. c3 Nf5 12. Qf2 Rc8 13. Na3 h5 14. O-O Na5 15.
Rad1 Nc4 16. Nxc4 Rxc4 17. Nd4 Nxd4 18. Rxd4 g6 19. Rfd1 Qc7 20. Qe2 Rxd4 21.
Qb5+ Qd7 22. Qxd7+ Kxd7 23. Rxd4 Rc8 24. Kf2 Rc4 25. Rxc4 dxc4 26. Ke3 Kc6 27.
Kd4 b5 28. a4 bxa4 29. Kxc4 a5 30. g3 Kb6 31. Kd4 Kb5 32. c4+ Kc6 33. c5 Kb5
34. h3 Kc6 35. Kc4 1-0

[Event "Lichtenberger Sommer 2024"]
[Site "Berlin"]
[Date "2024.08.12"]
[Round "3.40"]
[White "Beduschi, Ben"]
[Black "Sklorz, Tobias"]
[Result "1-0"]
[WhiteElo "1941"]
[BlackElo "1843"]
[PlyCount "105"]
[EventDate "2024.08.10"]
[WhiteTeam "Barnimer SF im SV Sta"]
[BlackTeam "TSV Mariendorf 1897"]

1. d4 Nf6 2. c4 e6 3. Nc3 Bb4 4. f3 d5 5. a3 Be7 6. e3 O-O 7. cxd5 exd5 8. Bd3
c5 9. Nge2 Nc6 10. O-O Re8 11. Bc2 b6 12. Re1 Ba6 13. Nf4 cxd4 14. exd4 Nxd4
15. Ba4 b5 16. Qxd4 bxa4 17. Be3 Bc4 18. Nxa4 Qa5 19. Nc3 Bb3 20. Rac1 Bd6 21.
Nd3 Nd7 22. Bf4 Be7 23. Kh1 Rac8 24. h3 Nb6 25. Nb4 Rc4 26. Qd2 Kf8 27. Nbxd5
Nxd5 28. Qxd5 Qxd5 29. Nxd5 Rxc1 30. Rxc1 Bxd5 31. Rc7 Bf6 32. b4 a6 33. Rc5
Be6 34. Rc6 Bc8 35. a4 g6 36. Rxf6 Be6 37. Bd6+ Kg7 38. Rf4 Rd8 39. Be5+ Kg8
40. Bf6 Rc8 41. Rd4 Kf8 42. Rd6 Bc4 43. Kg1 h6 44. h4 Kg8 45. Kf2 Kh7 46. Ke3
g5 47. hxg5 hxg5 48. Rb6 Kg6 49. Be7+ Kh5 50. g4+ Kh4 51. Rh6+ Kg3 52. Bxg5 Rb8
53. Bf4+ 1-0

[Event "Lichtenberger Sommer 2024"]
[Site "Berlin"]
[Date "2024.08.12"]
[Round "3.41"]
[White "Mayer, Herbert"]
[Black "Rosmait, Emily"]
[Result "0-1"]
[WhiteElo "1802"]
[BlackElo "1939"]
[PlyCount "49"]
[EventDate "2024.08.10"]
[WhiteTeam "SSV Rotation Berlin e.V."]
[BlackTeam "TuRa Harksheide von 1945 Norders"]

1. b3 Nf6 2. Bb2 e6 3. f4 b6 4. e3 Bb7 5. Nf3 Be7 6. Be2 O-O 7. O-O c5 8. d3
Nc6 9. Ne5 Nd5 10. Qc1 Nxe5 11. Bxe5 d6 12. Bb2 Bf6 13. Bxf6 Qxf6 14. Na3 Nc3
15. Qd2 Nxe2+ 16. Qxe2 d5 17. c4 e5 18. fxe5 Qxe5 19. cxd5 Rad8 20. Rad1 Qxd5
21. e4 Qd4+ 22. Kh1 Rd7 23. Nb5 Qb4 24. d4 a6 25. Qg4 0-1

[Event "Lichtenberger Sommer 2024"]
[Site "Berlin"]
[Date "2024.08.12"]
[Round "3.42"]
[White "Reiche, Andreas"]
[Black "Regel, Michael"]
[Result "1/2-1/2"]
[WhiteElo "1939"]
[BlackElo "1804"]
[PlyCount "137"]
[EventDate "2024.08.10"]
[WhiteTeam "SV Berolina Mitte e.V."]
[BlackTeam "SC Friesen Lichtenberg e.V."]

1. e4 d6 2. Bc4 Nf6 3. d3 g6 4. Nc3 Bg7 5. f4 O-O 6. Nf3 Nc6 7. a3 Bg4 8. h3
Bxf3 9. Qxf3 Nd4 10. Qf2 c5 11. Nd1 e6 12. c3 Nc6 13. O-O d5 14. exd5 exd5 15.
Bb5 Qb6 16. Bxc6 Qxc6 17. Be3 b6 18. Qf3 Rac8 19. Nf2 Nd7 20. f5 d4 21. Qxc6
Rxc6 22. Bd2 gxf5 23. Nh1 Ne5 24. cxd4 cxd4 25. Rxf5 Nxd3 26. Ng3 Rc2 27. Bb4
Nxb4 28. axb4 d3 29. Rd5 d2 30. Rd1 Rxb2 31. b5 Rc8 32. R1xd2 Rxd2 33. Rxd2 Rc5
34. Rd8+ Bf8 35. Ra8 Rxb5 36. Rxa7 Bc5+ 37. Kf1 Rb2 38. Ne4 Kg7 39. Rb7 Rc2 40.
Rc7 h6 41. g4 Rh2 42. Nxc5 bxc5 43. Rxc5 Rxh3 44. Kf2 Kg6 45. Rb5 h5 46. gxh5+
Rxh5 47. Rb6+ f6 48. Kg3 Ra5 49. Kf4 Ra4+ 50. Kf3 Kg5 51. Rb5+ f5 52. Rb3 Ra1
53. Rc3 Rf1+ 54. Kg3 Rg1+ 55. Kf3 Rh1 56. Kg3 f4+ 57. Kg2 Rh6 58. Rc8 Re6 59.
Rf8 Kg4 60. Kf2 Rg6 61. Rf7 Re6 62. Rf8 Ra6 63. Rg8+ Kf5 64. Rf8+ Ke5 65. Re8+
Kd4 66. Kf3 Rf6 67. Re4+ Kd5 68. Rxf4 Rxf4+ 69. Kxf4 1/2-1/2

[Event "Lichtenberger Sommer 2024"]
[Site "Berlin"]
[Date "2024.08.12"]
[Round "3.43"]
[White "Schmidt, Fabian"]
[Black "Ollhoff, Hannes"]
[Result "0-1"]
[WhiteElo "1934"]
[BlackElo "1802"]
[PlyCount "102"]
[EventDate "2024.08.10"]
[WhiteTeam "SV Königsjäger Süd-West e.V."]
[BlackTeam "TSG Oberschöneweide e.V."]

1. e4 e6 2. d4 d5 3. Nd2 dxe4 4. Nxe4 Nd7 5. Nf3 Ngf6 6. Bd3 Nxe4 7. Bxe4 Nf6
8. Bd3 Be7 9. O-O O-O 10. Bg5 b6 11. Re1 Bb7 12. c3 Rc8 13. Qe2 c5 14. Ba6 Qc7
15. Bxb7 Qxb7 16. Rad1 h6 17. Bh4 Rfd8 18. dxc5 Bxc5 19. Bxf6 gxf6 20. Rxd8+
Rxd8 21. Rd1 Qe7 22. b4 Bd6 23. a3 Qc7 24. Rd3 b5 25. g3 a6 26. Qe3 Kg7 27. Rd4
f5 28. Qd3 Be7 29. Rxd8 Qxd8 30. Qxd8 Bxd8 31. Nd2 Kf6 32. Kf1 Ke5 33. Ke2 Kd5
34. Kd3 e5 35. h4 e4+ 36. Ke2 Bf6 37. Nb3 Bxc3 38. Ke3 Be5 39. Nc5 Bd4+ 40. Kf4
Bxc5 41. bxc5 Kxc5 42. Kxf5 b4 43. axb4+ Kxb4 44. g4 a5 45. h5 f6 46. Kxf6 a4
47. g5 hxg5 48. h6 a3 49. Kg7 a2 50. h7 a1=Q+ 51. Kg8 Kc4 0-1

[Event "Lichtenberger Sommer 2024"]
[Site "Berlin"]
[Date "2024.08.12"]
[Round "3.44"]
[White "Mazurtsova, Margarita"]
[Black "Baranowsky, Peter"]
[Result "1/2-1/2"]
[WhiteElo "1792"]
[BlackElo "1933"]
[PlyCount "83"]
[EventDate "2024.08.10"]
[WhiteTeam "SC Kreuzberg e.V."]
[BlackTeam "SF Berlin 1903 e.V."]

1. c4 g6 2. Nc3 Bg7 3. g3 e5 4. Bg2 c6 5. Nf3 Ne7 6. e4 O-O 7. O-O d5 8. d3 h6
9. b3 f5 10. cxd5 cxd5 11. Ba3 fxe4 12. dxe4 d4 13. Nd5 Nbc6 14. Rc1 Rf7 15. h3
Bd7 16. Qd3 Rc8 17. Nd2 Nxd5 18. exd5 Bf5 19. Ne4 Ne7 20. g4 Rxc1 21. Rxc1 Bxe4
22. Bxe4 Nxd5 23. Bxg6 Rc7 24. Qf5 Nf4 25. Kh2 Qd5 26. Qe4 Qxe4 27. Bxe4 Rxc1
28. Bxc1 Ne2 29. Bd2 Nc3 30. Bxc3 dxc3 31. Kg2 Kf7 32. Kf3 Kf6 33. Ke2 Bf8 34.
h4 b5 35. Kd3 b4 36. f3 Be7 37. h5 Ke6 38. Bf5+ Kd6 39. Be4 Kc5 40. Bf5 Bg5 41.
Be4 Bf4 42. Bf5 1/2-1/2

[Event "Lichtenberger Sommer 2024"]
[Site "Berlin"]
[Date "2024.08.12"]
[Round "3.45"]
[White "Schmidt, Dietrich"]
[Black "Uhlenbrock, Sven"]
[Result "0-1"]
[WhiteElo "1932"]
[BlackElo "1780"]
[PlyCount "90"]
[EventDate "2024.08.10"]
[WhiteTeam "SV Empor Berlin e.V."]
[BlackTeam "vereinslos"]

1. e4 d6 2. d4 Nf6 3. Nc3 e5 4. dxe5 dxe5 5. Qxd8+ Kxd8 6. Bg5 Be6 7. O-O-O+
Nbd7 8. f4 exf4 9. Nf3 Kc8 10. Bxf4 Bc5 11. h3 Nh5 12. Bh2 Be3+ 13. Kb1 Bf4 14.
g4 Bxh2 15. Rxh2 Nf4 16. Ng5 Ng6 17. Rf2 Nge5 18. Nd5 h6 19. Nxe6 fxe6 20. Nf4
Rf8 21. Rdd2 Re8 22. Nh5 Re7 23. Rf4 c6 24. Rg2 g6 25. Nf6 Rf7 26. g5 hxg5 27.
Rxg5 Rxf6 28. Rxf6 Nxf6 29. Rxe5 Kd7 30. Rg5 Nxe4 31. Rg2 Rh8 32. Re2 Ng3 33.
Rd2+ Ke7 34. Bg2 Rd8 35. Kc1 Rxd2 36. Kxd2 Kd6 37. Ke3 Ke5 38. Bf3 Nf5+ 39. Kf2
Nd4 40. Bd1 Kf4 41. h4 e5 42. h5 gxh5 43. c3 Ne6 44. Bxh5 Nc5 45. Ke2 Na4 0-1

[Event "Lichtenberger Sommer 2024"]
[Site "Berlin"]
[Date "2024.08.12"]
[Round "3.46"]
[White "Reddi, Bhuvana"]
[Black "Teusch, Lucas"]
[Result "0-1"]
[WhiteElo "1927"]
[BlackElo "1776"]
[PlyCount "98"]
[EventDate "2024.08.10"]
[WhiteTeam "SC Weisse Dame e.V."]
[BlackTeam "Leegebrucher SF"]

1. e4 c5 2. Nc3 d6 3. f4 g6 4. Nf3 Bg7 5. Bb5+ Bd7 6. Bxd7+ Qxd7 7. d3 Nc6 8.
O-O e6 9. Qe1 Nge7 10. Kh1 Nd4 11. Nxd4 cxd4 12. Ne2 O-O 13. Qf2 d5 14. Bd2
dxe4 15. dxe4 Rfc8 16. c3 dxc3 17. Bxc3 Rd8 18. Bxg7 Kxg7 19. Nc3 Qd2 20. Rad1
Qxf2 21. Rxf2 Rxd1+ 22. Nxd1 Rd8 23. Nc3 Nc6 24. g3 h5 25. Kg2 Nb4 26. Kf1 h4
27. a3 hxg3 28. hxg3 Nc6 29. Re2 Rd3 30. Kg2 Nd4 31. Rf2 f5 32. e5 Kh6 33. Nb1
Kh5 34. Rd2 Rxd2+ 35. Nxd2 g5 36. Nf3 Nxf3 37. Kxf3 gxf4 38. gxf4 Kh4 39. b3 b5
40. a4 bxa4 41. bxa4 a5 42. Ke3 Kg4 43. Kd3 Kxf4 44. Kc4 Kxe5 45. Kb5 f4 46.
Kxa5 f3 47. Kb6 f2 48. a5 f1=Q 49. a6 Qxa6+ 0-1